[Event "Hotel Lippa GM, Szentgotthard HUN"]
[Site "?"]
[Date "2001.??.??"]
[Round "2"]
[White "Kovacs, Ga2"]
[Black "Csom, I."]
[Result "1/2-1/2"]
[WhiteElo "2365"]
[BlackElo "2430"]
[PlyCount "94"]
[EventDate "2001.??.??"]
[Source "www.chesslib.no"]
[SourceDate "2004.05.04"]

1. d4 b5 2. e4 Bb7 3. Bd3 e6 4. Nf3 c5 5. c3 a6 6. O-O Nf6 7. Re1 Be7 8. Bg5 h6 9. Bxf6 gxf6 10. d5 c4 11. Bf1 Qb6 12. b3 Bc5 13. Qd2 cxb3 14. axb3 b4 15. Ra2 a5 16. Qf4 Be7 17. Rd2 Na6 18. Bc4 Nc5 19. Qg3 Kf8 20. Nd4 Ba6 21. Bxa6 Rxa6 22. Rdd1 h5 23. Nd2 h4 24. Qe3 bxc3 25. Qxc3 Qb4 26. Qe3 a4 27. bxa4 Rxa4 28. Nc2 Qb2 29. Rc1 Kg7 30. Qe2 Qe5 31. dxe6 dxe6 32. Qg4+ Qg5 33. Qxg5+ fxg5 34. Ra1 Rha8 35. Rxa4 Rxa4 36. Ra1 Rxa1+ 37. Nxa1 Bf6 38. Nab3 Nd3 39. Kf1 Kg6 40. h3 Bc3 41. Nc4 Nf4 42. Nc1 Bg7 43. Nb3 Bc3 44. Nbd2 f6 45. Nf3 Bb4 46. Nb2 Bc5 47. Ne1 Bb6 1/2-1/2

[Event "Stockholm"]
[Site "?"]
[Date "1997.??.??"]
[Round "1"]
[White "Wallace John Paul"]
[Black "Laveryd Peter"]
[Result "1/2-1/2"]
[WhiteElo "2350"]
[BlackElo "2440"]
[PlyCount "122"]
[EventDate "1997.??.??"]
[Source "www.chesslib.no"]
[SourceDate "2004.05.04"]

1. d4 b5 2. e4 a6 3. a4 Bb7 4. axb5 Bxe4 5. bxa6 Bb7 6. Nf3 Nxa6 7. Be2 e6 8. O-O Nf6 9. c3 c5 10. Bg5 Be7 11. Na3 O-O 12. Nc4 Qc7 13. Bh4 d6 14. Na5 Bxf3 15. Bxf3 d5 16. Bg3 Qb6 17. Qb3 Qxb3 18. Nxb3 c4 19. Na5 Nb8 20. Ra2 Ra6 21. Rfa1 Rc8 22. Bd1 Ne4 23. Bf4 g5 24. Be3 Rc7 25. f3 Nd6 26. Bd2 Rca7 27. b4 cxb3 28. Bxb3 Bd8 29. c4 Bxa5 30. Rxa5 Rxa5 31. Rxa5 Rxa5 32. Bxa5 Nxc4 33. Bd8 Nc6 34. Bf6 h6 35. Kf2 Kh7 36. Bc2+ Kg8 37. g4 Nb6 38. h4 gxh4 39. Ke3 h3 40. Kf2 Nd7 41. Ba4 Nxf6 42. Bxc6 Kg7 43. Kg3 Ng8 44. Kxh3 Ne7 45. Bb5 f6 46. f4 f5 47. g5 hxg5 48. fxg5 Ng6 49. Kg3 Kf7 50. Bd3 Ke7 51. Bc2 Kd6 52. Bd3 Ne7 53. Kf4 e5+ 54. dxe5+ Ke6 55. g6 Nxg6+ 56. Kg5 Ne7 57. Kf4 d4 58. Bc4+ Kd7 59. Bb5+ Kc7 60. Ba4 Kb6 61. Kg5 d3 1/2-1/2

[Event "Bucharest Caissa"]
[Site "Bucharest ROM"]
[Date "1993.??.??"]
[Round "10"]
[White "Stajcic, Nikola"]
[Black "Csom, Istvan"]
[Result "1/2-1/2"]
[WhiteElo "2270"]
[BlackElo "2520"]
[PlyCount "68"]
[EventDate "1993.??.??"]
[Source "www.chesslib.no"]
[SourceDate "2004.05.04"]

1. d4 b5 2. e4 Bb7 3. Bd3 e6 4. Nf3 c5 5. dxc5 Bxc5 6. O-O a6 7. a4 b4 8. Nbd2 Nc6 9. Qe2 d6 10. Nb3 Bb6 11. Be3 Nf6 12. Rfd1 Ng4 13. Bxb6 Qxb6 14. a5 Qa7 15. Bc4 Rd8 16. h3 Nf6 17. e5 dxe5 18. Rxd8+ Nxd8 19. Nxe5 O-O 20. Ra4 Qa8 21. f3 Qa7+ 22. Qf2 Qb8 23. Qc5 Bd5 24. f4 Qa8 25. Bxd5 Nxd5 26. Nd7 Re8 27. Nb6 Qc6 28. Qxc6 Nxc6 29. Nxd5 exd5 30. Nc5 Ra8 31. Nd3 Rb8 32. Nc5 Ra8 33. Nd3 Rb8 34. Nc5 Ra8 1/2-1/2

[Event "JUG-chT"]
[Site "Budva"]
[Date "1996.??.??"]
[Round "3"]
[White "Djukic, Zeljko"]
[Black "Sahovic, Dragutin"]
[Result "1/2-1/2"]
[WhiteElo "2385"]
[BlackElo "2405"]
[PlyCount "28"]
[EventDate "1996.??.??"]
[Source "ChessBase"]

1. d4 b5 2. Bg5 Bb7 3. e3 g6 4. Nf3 a6 5. c4 c6 6. Qb3 Bg7 7. Be2 Nf6 8. Nbd2 Bc8 9. a4 bxc4 10. Nxc4 d6 11. Bxf6 Bxf6 12. Nb6 Be6 13. Bc4 Bxc4 14. Nxc4 Nd7 1/2-1/2

[Event "Hamburg op"]
[Site "Hamburg"]
[Date "1981.??.??"]
[Round "8"]
[White "McCambridge, Vincent"]
[Black "Short, Nigel D"]
[Result "1-0"]
[WhiteElo "2350"]
[BlackElo "2440"]
[PlyCount "95"]
[EventDate "1981.07.??"]
[Source "ChessBase"]

1. d4 b5 2. e4 a6 3. Nf3 Bb7 4. Bd3 e6 5. a4 c5 6. dxc5 Bxc5 7. axb5 axb5 8. Rxa8 Bxa8 9. O-O Ne7 10. Qe2 b4 11. Nbd2 Ng6 12. Nb3 Bb6 13. Be3 Nc6 14. Ra1 Bxe3 15. Qxe3 O-O 16. e5 f6 17. Bxg6 hxg6 18. Nc5 Nxe5 19. Nxe5 fxe5 20. Qxe5 Qh4 21. f3 Bxf3 22. gxf3 Rf5 23. Qb8+ Kh7 24. Nd3 Rg5+ 25. Kf1 Qd4 26. Re1 Rg1+ 27. Ke2 Rxe1+ 28. Kxe1 Qe3+ 29. Kf1 Qxf3+ 30. Nf2 Qc6 31. Qxb4 Qxc2 32. Qh4+ Kg8 33. Qd8+ Kh7 34. Qh4+ Kg8 35. Qd8+ Kh7 36. Qxd7 Qxb2 37. Qxe6 Qf6 38. Qh3+ Kg8 39. Kg2 Qc6+ 40. Qf3 Qe6 41. Qe4 Qf6 42. Ng4 Qg5 43. Kh3 Kh7 44. Ne5 Qg1 45. Nf3 Qc1 46. Qh4+ Qh6 47. Ne5 Kg8 48. Qxh6 1-0

[Event "BCF Ch"]
[Site "Brighton ENG"]
[Date "1984.??.??"]
[Round "5"]
[White "Ravisekhar, Raja"]
[Black "Basman, Michael J"]
[Result "0-1"]
[WhiteElo "2400"]
[BlackElo "2390"]
[PlyCount "68"]
[EventDate "1984.08.??"]
[Source "www.chesslib.no"]
[SourceDate "2004.05.04"]

1. d4 b5 2. Bf4 Bb7 3. e3 e6 4. Nf3 a6 5. Nbd2 Nf6 6. Bd3 h6 7. h3 c5 8. c3 Nc6 9. O-O g5 10. Bh2 g4 11. hxg4 Nxg4 12. Bg3 h5 13. Bh4 Qb6 14. a4 c4 15. Bc2 Rg8 16. Qe2 Rc8 17. axb5 axb5 18. Ra2 Ne7 19. Bxe7 Bxe7 20. e4 f6 21. Rfa1 Kf7 22. Ra7 Rg7 23. Nf1 Rcg8 24. g3 Bd6 25. Kg2 Bb8 26. R7a5 h4 27. Nxh4 f5 28. Nf3 Nf6 29. N1d2 f4 30. Nf1 fxg3 31. fxg3 Bxg3 32. Nxg3 Rxg3+ 33. Kf1 Ke7 34. Ke1 Rg2 0-1

[Event "CCA-ICC Open"]
[Site "?"]
[Date "2005.05.14"]
[Round "6"]
[White "Gonzales Jayson"]
[Black "Ardaman Miles"]
[Result "0-1"]
[WhiteElo "2474"]
[BlackElo "2308"]
[PlyCount "75"]
[EventDate "2005.??.??"]
[Source "www.chesslib.no"]
[SourceDate "2004.05.04"]

1. d4 b5 2. e4 a6 3. Bd3 Bb7 4. Nf3 d6 5. c3 Nd7 6. a4 c6 7. Bf4 g6 8. e5 dxe5 9. Nxe5 Ngf6 10. O-O Bg7 11. Be2 Nd5 12. Bg3 O-O 13. Bf3 Nxe5 14. dxe5 Nb6 15. axb5 axb5 16. Na3 Qc8 17. Qd4 Nd7 18. Rad1 Rd8 19. Qe3 e6 20. Rd2 Re8 21. Rfd1 Nf8 22. Qc5 h6 23. c4 Nh7 24. cxb5 Ng5 25. Bxc6 Ne4 26. Qb6 Bxc6 27. Rc2 Rd8 28. Re1 Rd5 29. Qxc6 Qf8 30. f4 Nc5 31. Rec1 Rc8 32. Qb6 Rb8 33. Qc7 Nd7 34. Bf2 Qb4 35. Qc4 Qa5 36. Qc3 Qd8 37. Nc4 Rdxb5 38. Qd2 0-1

[Event "ch-LTU"]
[Site "Vilnius"]
[Date "2004.04.29"]
[Round "10"]
[White "Sakalauskas, Vaidas"]
[Black "Zapolskis, Antanas"]
[Result "1-0"]
[WhiteElo "2437"]
[BlackElo "2344"]
[PlyCount "103"]
[EventDate "2004.04.23"]
[Source "Roberto Alvarez"]
[SourceDate "2004.05.03"]

1. d4 b5 2. e4 Bb7 3. Bd3 Nf6 4. Qe2 c5 5. c3 e6 6. Nf3 a6 7. O-O Be7 8. Nbd2 cxd4 9. cxd4 O-O 10. e5 Nd5 11. Ne4 f5 12. exf6 Nxf6 13. Nfg5 Nxe4 14. Bxe4 Bxg5 15. Bxb7 Ra7 16. Be4 Bxc1 17. Raxc1 Rc7 18. Qh5 g6 19. Bxg6 hxg6 20. Qxg6+ Kh8 21. Qh5+ Kg7 22. Qg4+ Kf7 23. Qf4+ Ke7 24. Qxc7 Qxc7 25. Rxc7 Nc6 26. Rd1 Kd6 27. Rb7 Ra8 28. Rc1 Nxd4 29. Rd1 e5 30. f4 Kc6 31. fxe5 Kxb7 32. Rxd4 Kc7 33. Kf2 Re8 34. Re4 Kc6 35. Re2 Rf8+ 36. Ke3 Kd5 37. Rd2+ Kxe5 38. Rxd7 Rh8 39. h3 Rh4 40. Kf3 Ra4 41. a3 b4 42. axb4 Rxb4 43. Rd2 Rb3+ 44. Kg4 Rb4+ 45. Kg5 Rb3 46. Kh4 a5 47. g4 a4 48. Rf2 Ke4 49. g5 Rb4 50. Kh5 Ke3 51. Rc2 Kf4 52. g6 1-0

[Event "Corr"]
[Site "?"]
[Date "1995.11.15"]
[Round "?"]
[White "Skulteti Andreas (GER)"]
[Black "Donskikh Yury Fedorovich (RU"]
[Result "1/2-1/2"]
[WhiteElo "2375"]
[BlackElo "2405"]
[PlyCount "131"]
[EventDate "1995.??.??"]
[Source "www.chesslib.no"]
[SourceDate "2004.05.04"]

1. d4 b5 2. e4 a6 3. Nf3 Bb7 4. Bd3 e6 5. O-O c5 6. c3 Nf6 7. e5 Nd5 8. a4 c4 9. Be4 d6 10. axb5 axb5 11. Bg5 Qb6 12. Rxa8 Bxa8 13. Nbd2 Nd7 14. Re1 h6 15. Bh4 Bb7 16. Bg3 Be7 17. Qc2 O-O 18. exd6 Bxd6 19. Bxd6 Qxd6 20. b3 Qc7 21. bxc4 bxc4 22. Ra1 f5 23. Bxd5 Bxd5 24. h3 Rb8 25. Ra6 Ra8 26. Rxa8+ Bxa8 27. Qa2 Bd5 28. Qa6 Kf7 29. Kf1 Kf6 30. Qb5 Qb7 31. Qa5 Qb6 32. Qa4 Qc7 33. Ne1 Qc6 34. Qa7 Qb7 35. Qa3 Qc6 36. f3 Qc7 37. Nc2 Kf7 38. Qb4 Nb6 39. Qa5 Qc6 40. Ne3 Kg8 41. Kg1 Kh7 42. Qc5 Na4 43. Qb4 Nb6 44. h4 Qc7 45. h5 Kg8 46. Qb5 Kf8 47. Nxd5 exd5 48. f4 Qxf4 49. Qxb6 Qe3+ 50. Kf1 Qxd2 51. Qd8+ Kf7 52. Qxd5+ Kf6 53. Qxc4 Kg5 54. d5 Qd1+ 55. Kf2 Qd2+ 56. Kf3 Kxh5 57. Qd4 Qxd4 58. cxd4 Kg5 59. d6 Kf6 60. d7 Ke7 61. Kf4 g6 62. Ke5 Kxd7 63. Kf6 Kd6 64. Kxg6 Kd5 65. Kxf5 Kxd4 66. Kf4 1/2-1/2

[Event "Vienna"]
[Site "?"]
[Date "1998.??.??"]
[Round "1"]
[White "Lehner Oliver"]
[Black "Weber Gerold"]
[Result "1/2-1/2"]
[WhiteElo "2420"]
[BlackElo "2360"]
[PlyCount "110"]
[EventDate "1998.??.??"]
[Source "www.chesslib.no"]
[SourceDate "2004.05.04"]

1. d4 b5 2. e4 Bb7 3. Bd3 e6 4. Nf3 c5 5. c3 a6 6. O-O Qc7 7. Bg5 h6 8. Bh4 Nf6 9. Nbd2 cxd4 10. cxd4 Nc6 11. Rc1 Qb6 12. Nb3 Nb4 13. Bxf6 Nxd3 14. Qxd3 gxf6 15. Rc2 Rd8 16. Rfc1 Rg8 17. Nc5 Ba8 18. d5 Be7 19. b4 f5 20. exf5 Bxd5 21. Re1 Qd6 22. f6 Bf8 23. Nh4 Rg4 24. g3 Bc6 25. Qb3 Ra8 26. Nf5 Qd5 27. Qxd5 Bxd5 28. Ne3 Rc4 29. Nxc4 Bxc4 30. f4 a5 31. a3 axb4 32. axb4 d6 33. Ne4 Kd7 34. g4 Ra4 35. Nc3 Ra3 36. Rec1 d5 37. Nxb5 Ra8 38. Rxc4 dxc4 39. Rxc4 Rb8 40. Nd4 Rxb4 41. Rxb4 Bxb4 42. Nb3 Bc3 43. g5 hxg5 44. fxg5 e5 45. Kf2 Ke6 46. Ke3 Kf5 47. h4 Bb2 48. Nd2 Bc1 49. Kd3 Kg4 50. Kc2 Ba3 51. Nc4 Bf8 52. Kd3 Kxh4 53. g6 fxg6 54. Ke4 g5 55. Nxe5 g4 1/2-1/2

[Event "FIN Ch"]
[Site "Finland"]
[Date "1993.??.??"]
[Round "?"]
[White "Norri, Joose"]
[Black "Pyhala, Antti"]
[Result "1/2-1/2"]
[WhiteElo "2400"]
[BlackElo "2380"]
[PlyCount "85"]
[EventDate "1993.??.??"]
[Source "www.chesslib.no"]
[SourceDate "2004.05.04"]

1. d4 b5 2. e4 Bb7 3. Bxb5 Bxe4 4. Nf3 Nf6 5. O-O e6 6. c4 Nc6 7. Ne5 Bd6 8. Bxc6 Bxc6 9. Nxc6 dxc6 10. Nc3 O-O 11. Qf3 c5 12. dxc5 Bxc5 13. Bg5 Be7 14. Rad1 Qb8 15. b3 Qb4 16. Nb5 a6 17. Bd2 Qc5 18. Be3 Qb4 19. Nxc7 Rac8 20. Nxa6 Qa5 21. Qb7 Rfe8 22. a4 Ng4 23. Qb5 Qc3 24. Bd4 Qc2 25. h3 Nh6 26. Bb6 Qg6 27. Nc7 Nf5 28. Rd3 Red8 29. Rxd8+ Rxd8 30. Nd5 Rxd5 31. cxd5 Nh4 32. g3 Nf3+ 33. Kh1 Qf5 34. Kg2 Qe4 35. Rc1 Nd4+ 36. Kh2 Nxb5 37. Rc8+ Bf8 38. Bc5 h5 39. dxe6 Kh7 40. Rxf8 Nd4 41. Bxd4 Qxd4 42. Rxf7 Qd5 43. h4 1/2-1/2

[Event "BCF-ch Smith & Williamson"]
[Site "Scarborough"]
[Date "2001.08.04"]
[Round "6"]
[White "Summerscale, Aaron"]
[Black "Buckley, Simon T"]
[Result "1-0"]
[WhiteElo "2510"]
[BlackElo "2268"]
[PlyCount "47"]
[EventDate "2001.07.02"]
[Source "ChessBase"]
[SourceDate "2001.09.11"]

1. d4 b5 2. e4 Bb7 3. Bd3 e6 4. Nf3 c5 5. c3 a6 6. O-O Be7 7. Re1 Nf6 8. Bg5 h6 9. Bh4 d6 10. Nbd2 g5 11. Bg3 g4 12. e5 gxf3 13. exf6 Bxf6 14. Nxf3 c4 15. Bc2 Bd5 16. Nd2 Be7 17. Qh5 Kf8 18. Be4 Nd7 19. Bxd5 Nf6 20. Qf3 exd5 21. Nf1 Ra7 22. Rxe7 Qxe7 23. Bh4 Kg7 24. Ng3 1-0